<?xml version="1.0" encoding="UTF-8"?>
<record
    xmlns:xsi="http://www.w3.org/2001/XMLSchema-instance"
    xsi:schemaLocation="http://www.loc.gov/MARC21/slim http://www.loc.gov/standards/marcxml/schema/MARC21slim.xsd"
    xmlns="http://www.loc.gov/MARC21/slim">

  <leader>00312nam a22001217a 4500</leader>
  <datafield tag="040" ind1=" " ind2=" ">
    <subfield code="c">HS</subfield>
  </datafield>
  <datafield tag="082" ind1=" " ind2=" ">
    <subfield code="a">510</subfield>
  </datafield>
  <datafield tag="100" ind1=" " ind2=" ">
    <subfield code="a">&#x17A2;&#x17CA;&#x17BB;&#x1793; &#x1794;&#x17CA;&#x17BB;&#x1793;&#x179B;&#x17B6;&#x1784;</subfield>
  </datafield>
  <datafield tag="245" ind1=" " ind2=" ">
    <subfield code="a">&#x1798;&#x17C9;&#x17B6;&#x1791;&#x17D2;&#x179A;&#x17B8;&#x179F;</subfield>
  </datafield>
  <datafield tag="260" ind1=" " ind2=" ">
    <subfield code="a">Royal university agriculture</subfield>
    <subfield code="b">&#x17A2;&#x17CA;&#x17BB;&#x1793; &#x1794;&#x17CA;&#x17BB;&#x1793;&#x179B;&#x17B6;&#x1784;</subfield>
    <subfield code="c">2001</subfield>
  </datafield>
  <datafield tag="300" ind1=" " ind2=" ">
    <subfield code="a">114p;</subfield>
  </datafield>
  <datafield tag="942" ind1=" " ind2=" ">
    <subfield code="c">KB</subfield>
  </datafield>
  <datafield tag="999" ind1=" " ind2=" ">
    <subfield code="c">8593</subfield>
    <subfield code="d">8593</subfield>
  </datafield>
  <datafield tag="952" ind1=" " ind2=" ">
    <subfield code="0">0</subfield>
    <subfield code="1">0</subfield>
    <subfield code="4">0</subfield>
    <subfield code="6">510_000000000000000_&#x17A2;&#x17BB;&#x1793;_2001_C244</subfield>
    <subfield code="7">0</subfield>
    <subfield code="9">48896</subfield>
    <subfield code="a">LBC</subfield>
    <subfield code="b">LBC</subfield>
    <subfield code="c">C244</subfield>
    <subfield code="d">2016-08-05</subfield>
    <subfield code="o">510 &#x17A2;&#x17CA;&#x17BB;&#x1793; 2001 C244</subfield>
    <subfield code="p">RUA045478</subfield>
    <subfield code="r">2016-08-05</subfield>
    <subfield code="y">KB</subfield>
  </datafield>
  <datafield tag="952" ind1=" " ind2=" ">
    <subfield code="0">0</subfield>
    <subfield code="1">0</subfield>
    <subfield code="4">0</subfield>
    <subfield code="6">510_000000000000000_&#x17A2;&#x17BB;&#x1793;_2001_C244</subfield>
    <subfield code="7">0</subfield>
    <subfield code="9">48897</subfield>
    <subfield code="a">LBC</subfield>
    <subfield code="b">LBC</subfield>
    <subfield code="c">C244</subfield>
    <subfield code="d">2016-08-05</subfield>
    <subfield code="o">510 &#x17A2;&#x17CA;&#x17BB;&#x1793; 2001 C244</subfield>
    <subfield code="p">RUA045529</subfield>
    <subfield code="r">2016-08-05</subfield>
    <subfield code="y">KB</subfield>
  </datafield>
  <datafield tag="952" ind1=" " ind2=" ">
    <subfield code="0">0</subfield>
    <subfield code="1">0</subfield>
    <subfield code="4">0</subfield>
    <subfield code="6">510_000000000000000_&#x17A2;&#x17BB;&#x1793;_2001_C169</subfield>
    <subfield code="7">0</subfield>
    <subfield code="9">51932</subfield>
    <subfield code="a">LBC</subfield>
    <subfield code="b">LBC</subfield>
    <subfield code="c">C169</subfield>
    <subfield code="d">2016-09-08</subfield>
    <subfield code="o">510 &#x17A2;&#x17CA;&#x17BB;&#x1793; 2001 C169</subfield>
    <subfield code="p">RUA045740</subfield>
    <subfield code="r">2016-09-08</subfield>
    <subfield code="y">KB</subfield>
  </datafield>
  <datafield tag="952" ind1=" " ind2=" ">
    <subfield code="0">0</subfield>
    <subfield code="1">0</subfield>
    <subfield code="4">0</subfield>
    <subfield code="6">510_000000000000000_&#x17A2;&#x17BB;&#x1793;_2001</subfield>
    <subfield code="7">0</subfield>
    <subfield code="9">52241</subfield>
    <subfield code="a">LBC</subfield>
    <subfield code="b">LBC</subfield>
    <subfield code="d">2016-09-16</subfield>
    <subfield code="o">510 &#x17A2;&#x17CA;&#x17BB;&#x1793; 2001</subfield>
    <subfield code="p">A02836</subfield>
    <subfield code="r">2016-09-16</subfield>
    <subfield code="w">2016-09-16</subfield>
    <subfield code="y">KB</subfield>
  </datafield>
  <datafield tag="952" ind1=" " ind2=" ">
    <subfield code="0">0</subfield>
    <subfield code="1">0</subfield>
    <subfield code="4">0</subfield>
    <subfield code="6">510_000000000000000_&#x17A2;&#x17BB;&#x1793;_2001</subfield>
    <subfield code="7">0</subfield>
    <subfield code="9">52244</subfield>
    <subfield code="a">LBC</subfield>
    <subfield code="b">LBC</subfield>
    <subfield code="d">2016-09-16</subfield>
    <subfield code="o">510 &#x17A2;&#x17CA;&#x17BB;&#x1793; 2001</subfield>
    <subfield code="p">A01710</subfield>
    <subfield code="r">2016-09-16</subfield>
    <subfield code="w">2016-09-16</subfield>
    <subfield code="y">KB</subfield>
  </datafield>
</record>
